Movies Quiz

Random Movies Quiz

Athletes in Movies Quiz Stats

Quiz Updated Mar 7, 2013

Challenge
Share
Tweet
Score 0/16 Timer 06:00
11 Plays Today
% Correct
Space Jam (Michael Jordan)
96.7%
The Hangover (Mike Tyson)
90%
Kazaam (Shaquille O'Neal)
85.8%
Dodgeball: A True Underdog Story (Lance Armstrong)
79.6%
The Princess Bride (Andre the Giant)
78%
There's Something About Mary (Brett Favre)
74.7%
Double Team (Dennis Rodman)
73.8%
The Naked Gun (O.J. Simpson)
72.9%
% Correct
The Pride of the Yankees (Babe Ruth)
72.6%
Airplane! (Kareem Abdul Jabbar)
72.5%
Ace Ventura: Pet Detective (Dan Marino)
59.8%
Happy Gilmore (Lee Trevino)
55.5%
Major League (Bob Uecker)
49.4%
Mars Attacks! (Jim Brown)
45.5%
Predator (Jesse Ventura)
38.3%
He Got Game (Ray Allen)
35.7%

You're not logged in!

Compare scores with friends on all Sporcle quizzes.
Join for Free
OR
Log In

You Might Also Like...

Show Comments

Extras

Top Quizzes Today


Score Distribution

Your Account Isn't Verified!

In order to create a playlist on Sporcle, you need to verify the email address you used during registration. Go to your Sporcle Settings to finish the process.

Report this User

Report this user for behavior that violates our Community Guidelines.

Details: